000 01809nam a2200373 c 4500
003 BLK
005 20180420220125.0
008 180413b bul|||||r ||||||| ||bul||
010 _aKNG00029571000
020 _a954-8517-16-7
_bиздат.: ICON
020 _a954-8517-17-5
_bиздат.: ICON - на том
040 _aBLK
041 _aBUL
_cBUL
080 _aОбщи енциклопедии. Енциклопедични речници. Научни справочници. Отраслови енциклопедии и справочници се класират в съответните отдели с определител за форма
_b03
_x
_z03
080 _aИстория. Вж и (091) ; (093)
_b93/99
_x(035)
_z93/99(035)
700 1 _aПеева, Катя
_eпрев. от фр. на том
_9269056
139 _a[Ларус] Larousse - Фамилна енциклопедия
_bЛ 25
245 1 0 _a[Ларус] Larousse - Фамилна енциклопедия
_bВ 11 т.
_cпрев. от фр. на том Катя Пеева.
_nТ. 1
_pИстория на света
257 _aFRA
260 София
_bICON
_c1999 -
_fСофия : Д. Благоев
300 _c25 см
380 _a0
500 _aБез сведение за ориг. загл. - Офс. изд. - 2 000 тир. - Азб. показалец.
650 4 _aИстория - енциклопедии
_9262599
653 _aистория
653 _aенциклопедии
653 _aсветовна история
760 1 _3- на том
_dICON, 1999
_h272 с. : с ил., к., сх.
_tТ. 1 История на света
852 _aЦб 202571
856 4 _qpdf
_u
856 4 _qpdf
_u
942 _cKNG
_n0
944 _aCR
_c15.01.2003
_kЛюдмила_Стоянова
944 _aED
_c08.06.2004
_k
999 _c27003
_d27003